| 000 | 00685nam a2200145 a 4500 | ||
|---|---|---|---|
| 008 | 220224s2019 ||||||||||||||||| || u | ||
| 050 | _a CBU-PG THESIS/CHI | ||
| 100 | _aChinyama, Vincent | ||
| 245 | 1 | 0 |
_aProblem solving using interactive simulations on learner's conceptual understanding of dynamics in physics: a case of st. marcellin's secondary school. _cBy Chinyama Vincent |
| 260 |
_aKitwe _bCopperbelt University _c2019 |
||
| 650 | _aUSE OF ICT - PHYSICS | ||
| 650 | _aDYNAMICS - PHYSICS | ||
| 650 | _aINTERACTIVE SIMULATIONS - PHYSICS | ||
| 995 |
_FCBU-MAIN LIBRARY (Kitwe) _M1 _UAVAILABLE _WNov 3, 2022 _ZUniversity Collection |
||
| 999 |
_c54766 _d54766 |
||